| 000 | 00386nam a22001337a 4500 | ||
|---|---|---|---|
| 082 |
_a345.5491 _bNYA |
||
| 100 | _aNyazee, Imran Ahsan Khan | ||
| 245 |
_aGeneral Principles of Criminal Law (Islamic and Western) / _cImran Ahsan Khan Nyazee |
||
| 250 | _a2nd ed. | ||
| 260 |
_aRawalpindi : _bFederal Law House, _c2016. |
||
| 300 |
_a239 p. ; _c23 cm. |
||
| 563 | _aPBK. | ||
| 942 |
_2ddc _cBK |
||
| 999 |
_c592405 _d592405 |
||